000 00348nam a22001217a 4500
999 _c277
_d277
005 20200812105353.0
008 200812b ||||| |||| 00| 0 eng d
020 _a27130
040 _cCML
245 _aTrue Life in God.
_cRyuden, V.
260 _aNorthern Ireland
_bJ.M.J Publications
_c1991
942 _2ddc
_cBK
_e1st Edition
_h248
_mRYU